Library of the University of Algiers 3
Ibrahim Sultan Cheibout
شعار جامعة الجزائر 3
مكتبة جامعة الجزائر 3
إبراهيم سلطان شيبوط

إيجار وبيع المحل التجاري والتنازل على المحال التجارية والصناعية والمهنية : (رقم التسجيلة. 42524)

تفاصيل مارك
000 -LEADER
fixed length control field 01480nam a2200241Ia 4500
003 - CONTROL NUMBER IDENTIFIER
control field Ost
005 - DATE AND TIME OF LATEST TRANSACTION
control field 20260507075042.0
008 - FIXED-LENGTH DATA ELEMENTS--GENERAL INFORMATION
fixed length control field 260507s9999||||xx |||||||||||||| ||und||
020 ## - INTERNATIONAL STANDARD BOOK NUMBER
International Standard Book Number ×977531240
040 ## - CATALOGING SOURCE
Transcribing agency fsecg
041 ## - LANGUAGE CODE
Language code of text/sound track or separate title ara
082 ## - DEWEY DECIMAL CLASSIFICATION NUMBER
Classification number 330
100 ## - MAIN ENTRY--PERSONAL NAME
Personal name محمد ، السيد خلف
Relator term مؤلف
245 #0 - TITLE STATEMENT
Title إيجار وبيع المحل التجاري والتنازل على المحال التجارية والصناعية والمهنية :
Remainder of title شرح أحكام بيع المحل التجاري و الصناعي وفقا لقانون رقم 11لسنة 1940 و بيعه بالجدك و شروطه وفقا لقانون رقم 17لسنة 1999... و قواعد تاجير الاماكن المؤجرة لمزاولة نشاط تجاري او صناعي أو مهني أو حرفي بالقانون رقم 6 لسنة 1997 و لائحته التنفيذية في ضوء الفق /
Statement of responsibility, etc. السيد خلف محمد
260 ## - PUBLICATION, DISTRIBUTION, ETC.
Place of publication, distribution, etc. القاهرة:
Name of publisher, distributor, etc. دار محمود للنشر,
Date of publication, distribution, etc. 2001
300 ## - PHYSICAL DESCRIPTION
Extent 656 صفحة؛
Other physical details إيضاحات ؛
Dimensions 24 سم
504 ## - BIBLIOGRAPHY, ETC. NOTE
Bibliography, etc. note ملاحق ص.612
520 ## - SUMMARY, ETC.
Summary, etc. المحل التجاري وخصائصه وعناصره، بيع المحل التجاري وآثاره وضمانات البائع، بيع المحل التجاري بالجدك، ايجار المحل التجاري والصناعي والمهني
653 ## - INDEX TERM--UNCONTROLLED
Uncontrolled term الايجارات
653 ## - INDEX TERM--UNCONTROLLED
Uncontrolled term البيع
653 ## - INDEX TERM--UNCONTROLLED
Uncontrolled term المحل التجاري
942 ## - ADDED ENTRY ELEMENTS (KOHA)
Koha item type كتب
المقتنيات
Withdrawn status Lost status Source of classification or shelving scheme Damaged status Not for loan Home library Current library Date acquired Serial enumeration / chronology Inventory number Total checkouts Full call number Barcode Date last seen Price effective from Koha item type
    Dewey Decimal Classification   NOT LOAN / إعارة داخلية مكتبة كلية العلوم الإقتصادية والعلوم التجارية وعلوم التسيير مكتبة كلية العلوم الإقتصادية والعلوم التجارية وعلوم التسيير 07/05/2026 الطابق الأرضي 372/1   أ/372ن1 372/1 07/05/2026 07/05/2026 كتب
    Dewey Decimal Classification   Available مكتبة كلية العلوم الإقتصادية والعلوم التجارية وعلوم التسيير مكتبة كلية العلوم الإقتصادية والعلوم التجارية وعلوم التسيير 07/05/2026 الطابق الأرضي 372/2   أ/372ن2 372/2 07/05/2026 07/05/2026 كتب
    Dewey Decimal Classification   Available مكتبة كلية العلوم الإقتصادية والعلوم التجارية وعلوم التسيير مكتبة كلية العلوم الإقتصادية والعلوم التجارية وعلوم التسيير 07/05/2026 الطابق الأرضي 372/3   أ/372ن3 372/3 07/05/2026 07/05/2026 كتب
    Dewey Decimal Classification   Available مكتبة كلية العلوم الإقتصادية والعلوم التجارية وعلوم التسيير مكتبة كلية العلوم الإقتصادية والعلوم التجارية وعلوم التسيير 07/05/2026 الطابق الثاني 372/4   أ/372ن4 372/4 07/05/2026 07/05/2026 كتب

موارد الويب المفتوحة


© University of Algiers 3 All Rights Reserved
|
Implemented by LECHELAH Riad